Responses for Show #4369 - Thursday, September 11, 2003

Sam Ott game 5.

Contestants

[<< previous game]

Aimee deLaricheliere, a paraeducator from Burlington, Vermont

Alan Bjerga, a journalist from Wichita, Kansas

Sam Ott, a graduate student from Los Angeles, California (whose 4-day cash winnings total $67,102)

[next game >>]

Jeopardy! Round responses

AROUND ASIA
BASEBALL NICKNAMES
COLORS
HERE PIG
SIOUX
"EE"
    $200 26
Thailand

Sam
    $200 7
Pete Rose

Alan
    $200 1
dust

Aimee
    $200 17
a poke

Sam
    $200 13
tepees

Sam
    $200 6
wheel

Alan
    $400 27
Calcutta

Sam
    $400 8
Mark McGwire

Aimee
    $400 2
pea green

Triple Stumper
    $400 18
the Bay of Pigs

Aimee
    $400 22
(Sam: Who is Jesus?)

Custer

SamAlan
    $400 9
teething

Alan
    $600 28
(Sam: What is Hokkaido?)

Kyushu

Sam
Triple Stumper
    $600 10
Jim Hunter

Aimee
    $600 3
purple

Sam
    $600 19
truffles

Sam
    $600 23
Crazy Horse

Aimee
    $600 14
tweeter

Sam
    $1,000 29
(Sam: [No response].)

Iran

Sam
    $800 11
Dwight Gooden

Alan
    $800 4
Burgundy

Sam
    $800 20
air

Triple Stumper
    $800 24
Dakota

Sam
    $800 15
engineer

Aimee
    $1000 30
(Sam: What is Beijing?)

Nanking

SamAimee
    $1000 12
Roger Clemens

Alan
    $1000 5
violet

Sam
    $1000 21
Piggly Wiggly

Sam
    $1000 25
Wounded Knee

Alan
    $1000 16
levee

Triple Stumper

Scores at the first commercial break (after clue 15):

Sam Alan Aimee
$3,200 $2,600 $2,000

Scores at the end of the Jeopardy! Round:

Sam Alan Aimee
$3,400 $4,000 $4,000

Double Jeopardy! Round responses

GEOLOGY
ANIMAL-TITLED MOVIES
OVERNIGHT DELIVERY
L'HOMME
I'M IN CHARGE!
IF THEY MARRIED...
    $400 6
(Sam: What is magma?)

lava

SamAlan
    $400 1
Dances with Wolves

Sam
    $400 26
December

Alan
    $400 21
Jacques Cousteau

Alan
    $400 8
Germany

Aimee
    $400 14
Mercedes Diesel

Aimee
    $800 7
(Sam: What is a dam?)
(Alan: What is a bend?)

lake

SamAlan
Triple Stumper
    $800 2
Bird

Sam
    $800 27
dry ice

Sam
    $800 22
(Maurice) Ravel

Alan
    $800 9
Vietnam

Sam
    $800 15
Minnie Cooper

Sam
    $1,200 13
(Alan: What is the epicenter?)

under the ocean

Alan
    $1200 3
The Bad News Bears

Alan
    $1200 28
(laser) scanners

Aimee
    $1200 23
Samuel de Champlain

Aimee
    $1200 10
Pakistan

Aimee
    $1200 17
Robin Hood

Sam
    $1600 16
Pliny the Elder

Aimee
    $1600 4
Wag the Dog

Aimee
    $1600 29
tracking

Sam
    $1600 24
artist

Triple Stumper
    $1600 11
the Philippines

Alan
    $1600 18
Belle Pepper

Triple Stumper
    $2000 20
(Sam: What is Eurasia?)

Gondwanaland

Sam
Triple Stumper
    $2000 5
The Cat's Meow

Sam
    $2000 30
(Sam: What is the federal...[time]?)
(Alan: What is the Center for Disease Control?)

the Centers for Disease Control

SamAlanAimee
    $2,000 25
(Blaise) Pascal

Aimee
    $2000 12
Syria

Alan
    $2000 19
Bea Serious

Aimee

Scores at the end of the Double Jeopardy! Round:

Sam Alan Aimee
$6,600 $6,800 $17,600
(lock game)

[wagering suggestions for these scores]

Final Jeopardy! Round responses

OPERETTAS
SamWhat is?
$201
AlanWhat is The Pirates of Penzance?
$6,467
AimeeWhat is ?
$400
The Pirates of Penzance

Final scores:

Sam Alan Aimee
$6,399 $13,267 $17,200
3rd place: $1,000 2nd place: $2,000 New champion: $17,200

Game dynamics:

Coryat scores:

Sam Alan Aimee
$7,600 $8,000 $17,600
19 R,
8 W
(including 1 DD)
14 R,
3 W
(including 1 DD)
17 R
(including 1 DD),
0 W

Combined Coryat: $33,200

[game clues] [game scores] [suggest correction]

Game tape date: 2003-07-22
The J! Archive is created by fans, for fans. Scraping, republication, monetization, and malicious use prohibited; this site may use cookies and collect identifying information. See terms. The Jeopardy! game show and all elements thereof, including but not limited to copyright and trademark thereto, are the property of Jeopardy Productions, Inc. and are protected under law. This website is not affiliated with, sponsored by, or operated by Jeopardy Productions, Inc. Join the discussion at JBoard.tv.